Les meilleurs buteurs français par décennie - Statistiques

Statistiques générales
  • Ce quiz a été pris 178 fois
  • Le résultat moyen est 6 sur 12
Statistiques - réponses
Hint Réponse % Correct
2020-2025 Kylian Mbappé
99%
2000-2009 Thierry Henry
96%
2010-2019 Olivier Giroud
93%
1970-1979 Michel Platini
87%
1980-1989 Michel Platini
87%
1950-1959 Just Fontaine
74%
1990-1999 Youri Djorkaeff
29%
1930-1939 Jean Nicolas
7%
1920-1929 Paul Nicolas
7%
1960-1969 Hervé Revelli
3%
1910-1919 Eugène Maës
1%
1940-1949 Ernest Vaast
0%
Aucun quiz correspondant
Distribution des résultats
% des personnes avec chaque résultat
Percentile par nombre de réponses
Votre historique - résultats
Vous n’avez pas pris ce quiz